名前に「豊」がつく駅 - Statistics

General Stats
  • This quiz has been taken 121 times
  • The average score is 29 of 72
Answer Stats
Hint Answer % Correct
東海道新幹線東海道本線 他 豊橋
98%
中央本線 豊田
98%
飯田線 豊川
93%
大阪モノレール彩都線 豊川
93%
名鉄三河線 豊田市
83%
豊橋鉄道渥美線 豊島
79%
東京メトロ有楽町線ゆりかもめ 豊洲
76%
武豊線 武豊
74%
名鉄豊川線 豊川稲荷
73%
山陰本線京都丹後鉄道宮豊線 豊岡
71%
天竜浜名湖鉄道線 豊岡
71%
飯山線しなの鉄道北しなの線 豊野
70%
西武豊島線都営大江戸線 豊島園
70%
豊橋鉄道渥美線 新豊橋
69%
愛知環状鉄道線 新豊田
69%
阪急宝塚本線 豊中
67%
ゆりかもめ 新豊洲
59%
名鉄名古屋本線 豊明
58%
豊肥本線 豊後竹田
57%
京葉線 幕張豊砂
52%
宗谷本線 豊富
51%
名鉄河和線 知多武豊
50%
東北本線 豊原
49%
阪急千里線 豊津
49%
平成筑豊鉄道田川線 豊津
49%
東海道本線 豊田町
48%
久大本線 豊後森
45%
白新線 豊栄
44%
愛知環状鉄道線 三河豊田
44%
室蘭本線 豊浦
42%
根室本線 豊頃
40%
東武野田線 豊四季
36%
大糸線 豊科
35%
日豊本線 豊前善光寺
34%
名鉄常滑線 豊田本町
34%
日豊本線 豊前松江
33%
日豊本線 豊前長洲
33%
函館本線 豊幌
31%
筑豊電気鉄道線 筑豊直方
31%
予讃線 豊浜
30%
近江鉄道本線 豊郷
30%
日豊本線 豊後豊岡
29%
日田彦山線 豊前川崎
28%
豊肥本線 豊後荻
28%
札幌市営地下鉄東豊線 豊水すすきの
28%
大糸線 南豊科
27%
名鉄豊田線 上豊田
27%
成田線 下総豊里
26%
播但線 仁豊野
26%
久大本線 豊後中村
26%
近鉄名古屋線 豊津上野
26%
大阪メトロ今里筋線 だいどう豊里
26%
久大本線 豊後国分
24%
久大本線 豊後中川
23%
平成筑豊鉄道糸田線 豊前大熊
23%
函館本線 豊沼
22%
豊肥本線 豊後清川
21%
日田彦山線 豊前桝田
20%
東武野田線 豊春
20%
札幌市営地下鉄東豊線 豊平公園
19%
豊橋鉄道東田本線 豊橋公園前
19%
土讃線 豊永
17%
久大本線 豊後三芳
17%
奥羽本線 羽前豊里
15%
筑豊電気鉄道線 筑豊中間
14%
気仙沼線 陸前豊里
13%
水郡線 中豊
13%
磐越西線 会津豊川
10%
磐越西線 豊実
10%
筑豊電気鉄道線 筑豊香月
10%
三陸鉄道リアス線 豊間根
8%
平成筑豊鉄道田川線 新豊津
8%
No matching quizzes found
Score Distribution
Percent of People with Each Score
Percentile by Number Answered
Your Score History
You have not taken this quiz